<?xml version="1.0" encoding="UTF-8"?>
<record
    xmlns:xsi="http://www.w3.org/2001/XMLSchema-instance"
    xsi:schemaLocation="http://www.loc.gov/MARC21/slim http://www.loc.gov/standards/marcxml/schema/MARC21slim.xsd"
    xmlns="http://www.loc.gov/MARC21/slim">

  <leader>01194nam a2200217 i 4500</leader>
  <controlfield tag="001">153178</controlfield>
  <controlfield tag="003">ES-MaACL</controlfield>
  <controlfield tag="005">20250819035419.0</controlfield>
  <controlfield tag="008">931025s18261832sp a         |||| | spa d</controlfield>
  <datafield tag="080" ind1=" " ind2=" ">
    <subfield code="a">76.035(460)</subfield>
  </datafield>
  <datafield tag="245" ind1="0" ind2="0">
    <subfield code="a">Colecci&#xF3;n lithogr&#xE1;phica de cuadros del Rey de Espa&#xF1;a el Se&#xF1;or Don Fernando VII </subfield>
    <subfield code="b">: obra dedicada a S. M. lithographiada por h&#xE1;biles artistas / </subfield>
    <subfield code="c">bajo la direcci&#xF3;n de D. Jos&#xE9; de Madrazo.</subfield>
  </datafield>
  <datafield tag="260" ind1=" " ind2=" ">
    <subfield code="a">Madrid : </subfield>
    <subfield code="b">Real Establecimiento Lithogr&#xE1;fico, </subfield>
    <subfield code="c">1826-1832.</subfield>
  </datafield>
  <datafield tag="300" ind1=" " ind2=" ">
    <subfield code="a">3 v. : </subfield>
    <subfield code="b">grab. ; </subfield>
    <subfield code="c">62 cm.</subfield>
  </datafield>
  <datafield tag="500" ind1=" " ind2=" ">
    <subfield code="a">En v. 1 dedicatorias y retrato del rey Fernando VII, pr&#xF3;logo, descripci&#xF3;n y vista del Museo del Prado; en v. 2 dedicatoria y retrato de la reina Mar&#xED;a Cristina y vista del Museo del Prado; en v. 3 retrato de la reina Isabel II.</subfield>
  </datafield>
  <datafield tag="600" ind1="0" ind2="7">
    <subfield code="a">Fernando </subfield>
    <subfield code="b">VII, </subfield>
    <subfield code="c">Rey de Espa&#xF1;a-</subfield>
    <subfield code="x">Colecciones de arte</subfield>
    <subfield code="2"></subfield>
    <subfield code="9">155571</subfield>
  </datafield>
  <datafield tag="650" ind1=" " ind2="4">
    <subfield code="a">Litograf&#xED;as-</subfield>
    <subfield code="y">S.XIX.</subfield>
    <subfield code="9">136440</subfield>
  </datafield>
  <datafield tag="650" ind1=" " ind2="4">
    <subfield code="a">Grabado espa&#xF1;ol-</subfield>
    <subfield code="y">S.XIX.</subfield>
    <subfield code="9">155570</subfield>
  </datafield>
  <datafield tag="700" ind1="1" ind2=" ">
    <subfield code="a">Madrazo, Jos&#xE9; de.</subfield>
    <subfield code="9">75339</subfield>
  </datafield>
  <datafield tag="852" ind1="4" ind2=" ">
    <subfield code="a">ES-MaACL</subfield>
    <subfield code="j">B-6994-96 </subfield>
    <subfield code="z">-- Enc. tela conservando la cub. original </subfield>
    <subfield code="z">-- Sello de la Real Biblioteca, Cambio-Duplicado </subfield>
    <subfield code="q">-- El t.III falto de la port.</subfield>
  </datafield>
  <datafield tag="999" ind1=" " ind2=" ">
    <subfield code="c">153178</subfield>
    <subfield code="d">153178</subfield>
  </datafield>
  <datafield tag="952" ind1=" " ind2=" ">
    <subfield code="0">0</subfield>
    <subfield code="1">0</subfield>
    <subfield code="4">0</subfield>
    <subfield code="7">0</subfield>
    <subfield code="8">LIBXIX</subfield>
    <subfield code="a">ATENEOM</subfield>
    <subfield code="b">ATENEOM</subfield>
    <subfield code="c">SPB</subfield>
    <subfield code="d">2008-01-17</subfield>
    <subfield code="e">DON</subfield>
    <subfield code="l">0</subfield>
    <subfield code="o">B-6994-96</subfield>
    <subfield code="p">1160051</subfield>
    <subfield code="r">2023-02-23 00:00:00</subfield>
    <subfield code="w">2023-02-23</subfield>
    <subfield code="y">MONANT</subfield>
  </datafield>
</record>
